Montevideo-Colón (Record no. 166809)

MARC details
000 -LEADER
campo de control de longitud fija 00897nam a2200181 i 4500
001 - NÚMERO DE CONTROL
campo de control 166809
003 - IDENTIFICADOR DE NÚMERO DE CONTROL
campo de control ES-MaACL
005 - FECHA Y HORA DE LA ÚLTIMA TRANSACCIÓN
campo de control 20250730153549.0
008 - DATOS DE LONGITUD FIJA--INFORMACIÓN GENERAL
campo de control de longitud fija 990426s1892 uy a |||| | spa d
110 1# - ENTRADA PRINCIPAL--NOMBRE DE ENTIDAD CORPORATIVA
Nombre de entidad corporativa o nombre de jurisdicción como elemento de entrada Uruguay.
Unidad subordinada Comisión del IV Centenario del Descubrimiento de América (1482-1882)
9 (RLIN) 135033
245 10 - MENCIÓN DEL TÍTULO
Título Montevideo-Colón
Resto del título : número único /
Mención de responsabilidad, etc. publicado por la Comisión del IV Centenario del Descubrimiento de América, 1492-1882.
260 ## - PUBLICACIÓN, DISTRIBUCIÓN, ETC.
Lugar de publicación, distribución, etc. Montevideo :
Nombre del editor, distribuidor, etc. [s.n.],
Fecha de publicación, distribución, etc. 1892 (
Fabricante Imp. "El Siglo Ilustrado")
300 ## - DESCRIPCIÓN FÍSICA
Extensión 126, II p. :
Otras características físicas il. col. ;
Dimensiones 45 cm.
599 ## - NOTA A LAS ILUSTRACIONES
NOTA A LAS ILUSTRACIONES Ilustraciones a color y a toda plana.
651 #4 - PUNTO DE ACCESO ADICIONAL DE MATERIA--NOMBRE GEOGRÁFICO
Nombre geográfico América española-
Subdivisión general Historia-
Subdivisión cronológica 1492-1600 (Descubrimiento y conquista)
9 (RLIN) 7724
852 ## - LOCALIZACIÓN
Ubicación ES-MaACL
Número de control de estantería R-2532
Nota libre - Enc. hol. conservando cub. original
-- . - Dedicatoria ms. de Matías Alonso Criado al Ateneo de Madrid
Encuadernación Olim: B-7753
Holdings
Estatus retirado Estado de pérdida Estado de daño No para préstamo Colección Biblioteca de origen Biblioteca actual Ubicación en estantería Fecha de adquisición Fuente de adquisición Total de préstamos Signatura topográfica completa Código de barras Visto por última vez Precio de reemplazo Tipo de ítem Koha
        Libros del s. XIX Biblioteca del Ateneo de Madrid Biblioteca del Ateneo de Madrid Depósito 17/01/2008     R-2532 1174961 23/02/2023 23/02/2023 Libro impreso antiguo